Métodos de cálculo rápido

Збережено в:
Бібліографічні деталі
Автор: Locke, Flora M. (autora)
Формат: Книга
Мова:Іспанська
Опубліковано: Ciudad de México Limusa 1975
Серія:Instrucción Programada Limusa
Предмети:
Теги: Додати тег
Немає тегів, Будьте першим, хто поставить тег для цього запису!

MARC

LEADER 00000nam a2200000 a 4500
001 UCP3986
003 CL-VaPUC
008 990709e19750000MX |||||||||||||||||spa|d
082 0 4 |a 513.9  |b LOC  |2 21 
100 |a Locke, Flora M.  |e autora  |9 431414 
245 1 0 |a Métodos de cálculo rápido 
300 |a 180 p 
942 |c BK 
945 |d 19990709 00:00:00  |a crobeson 
260 |a Ciudad de México  |b Limusa  |c 1975 
650 7 |a CALCULO ARITMETICO RAPIDO  |2 CL-VaPUC  |9 431415 
650 7 |a OPERACIONES ARITMETICAS  |2 CL-VaPUC  |9 422079 
650 0 |a Ejercicios   |9 269807 
650 7 |a PROBLEMAS  |2 CL-VaPUC  |9 269806 
583 |a last modification  |c 19990709 00:00:00  |k Rodrigo Vera 
490 0 |a Instrucción Programada Limusa 
999 |c 282082  |d 282080 
952 |0 0  |1 0  |4 0  |6 513_900000000000000_LOC_1975  |7 0  |8 A  |9 323497  |a BIBMAT  |b BIBMAT  |d 2019-11-20  |i 1353047  |o 513.9 LOC 1975  |p 1353047  |r 2025-01-07  |w 2019-11-20  |y BK  |k MAT